Vista normal
Vista MARC
Entrada Corporate Name
Número de registros utilizados en: 2
001 - CONTROL NUMBER
- control field: 10281
003 - CONTROL NUMBER IDENTIFIER
- control field: OSt
005 - DATE AND TIME OF LATEST TRANSACTION
- control field: 20200916120927.0
008 - FIXED-LENGTH DATA ELEMENTS
- fixed length control field: 200916|| aca||aabn | a|a d
040 ## - CATALOGING SOURCE
- Original cataloging agency: OSt
- Transcribing agency: OSt
110 ## - HEADING--CORPORATE NAME
- Corporate name or jurisdiction name as entry element: Colombia
- Subordinate unit: Presidente (1978-1982 : Turbay Ayala)
670 ## - SOURCE DATA FOUND
- Source citation: Work cat.: (OSt)0: Cuesta Novoa, José autor 10280, Corinto : , 1997.